000 00952nam a2200241Ia 4500
003 GCL
008 140319s9999 xx 000 0 ara d
020 _a6842215977
040 _aGCL /
_cGCL
082 0 4 _a155.6718
_bع م
100 1 _aعبداللطيف محمد خليفة
245 1 0 _aمقاييس المعتقدات و الاتجاهات :
_bنحو الخرافة - تدخين السجائر - المرض النفسى /
_cعبداللطيف محمد خليفة
260 _aالقاهرة :
_bدار غريب للطباعة والنشر والتوزيع ،
_c2006
300 _a68 ص ؛
_c22 سم
650 0 4 _aالعلاقات الانسانية
650 0 4 _aالسلوك الاجتماعى
650 0 4 _aالخرافات
650 0 4 _aالامراض النفسية
650 0 4 _aالتكيف الاجتماعى
650 0 4 _aالاخلاق - علم
650 0 4 _aالتدخين - التأثير النفسى
942 _2ddc
_cBK
999 _c44708
_d44708